000 01373nam a2200253Ii 4500
003 JO-AjNU
005 20240623131452.0
008 230605s9999||||xx |||||||||||||| ||und||
040 _aJO-AjNU
_bara
_erda
_cJO-AjNU
041 _aara
050 _aHF5667.
_bA4492 2006
100 1 _aعجلوني، لما احمد
_964826
_eمعد
245 0 _aالعوامل المؤثرة على أتعاب التدقيق : دراسة ميدانية على الشركات المساهمة العامة المدرجة في بورصة عمان = Factors Influencing audit fees : An Empirical Study of Corporations Listed in Amman Stock Exchange /
_cإعداد لما أحمد عجلوني ؛ إشراف عمر عيسى الجهماني.
260 _c2006
300 _a89 ورقة
336 _atext
_btxt
_2rdacontent
337 _aunmediated
_bn
_2rdamedia
338 _avolume
_bnc
_2rdacarrier
500 _a رسالة جامعية (ماجستر في المحاسبة)- جامعة اليرموك (إربد، الأردن)، كلية الاقتصاد و العلوم الإدارية، قسم المحاسبة، 2006.
504 _aتحتوي على مراجع باللغتين العربية والانجليزية
650 4 0 _aمراجعة الحسابات-البورصات-الاردن.
_964827
700 1 _aالجهماني، عمر
_964828
_eمشرف
942 _2lcc
_cTHS
999 _c33061
_d33061